Idea de la Ley Agraria Española / Manuel Sisternes i Feliu ; estudi preliminar de Vicent Lombart
Descripción Física:
39, [4], XXX, 148 p. ; 20 cm
Colección:
Clàssics del pensament econòmic català ; 9
Otros Autores:
Lombart, Vicent
MARC
| LEADER | 00000nam a2200000Ia 4500 | ||
|---|---|---|---|
| 001 | 9932 | ||
| 008 | 160829s1993 xx 000 0 cat d | ||
| 080 | |a D-1-135 | ||
| 100 | |a Sisternes i Feliu, Manuel |9 35895 | ||
| 245 | |a Idea de la Ley Agraria Española / Manuel Sisternes i Feliu ; estudi preliminar de Vicent Lombart | ||
| 260 | |a Barcelona : |b Alta Fulla : |b Diputació de Barcelona, |c 1993 | ||
| 300 | |a 39, [4], XXX, 148 p. ; |c 20 cm | ||
| 490 | |a Clàssics del pensament econòmic català ; 9 | ||
| 590 | |a Facsímil, en Valencia : Oficina de Benito Monfort, 1786. | ||
| 590 | |a Referències bibliogràfiques. | ||
| 590 | |a Text en castellà, introducció en català | ||
| 650 | |a Dret agrari |x Espanya |x S. XVIII |9 35896 | ||
| 650 | |a Agricultura |x Aspectes econòmics |x Catalunya |x S. XVIII |9 35897 | ||
| 700 | 1 | |a Lombart, Vicent |9 35898 | |
| 710 | 1 | |a Barcelona (Catalunya : Província). |b Diputació |9 52408 | |
| 901 | |a Arxiu | ||
| 942 | |n 1 | ||
| 952 | |0 0 |1 0 |4 0 |6 D1135 |7 1 |9 47114 |a Arxiu |b Arxiu |d 2016-12-01 |l 0 |o D-1-135 |p 9932 |r 2016-12-01 00:00:00 |w 2016-12-01 |y ARXIU | ||
| 999 | |c 50909 |d 50909 | ||